Manual b sico para elaborar productos l cteos / Abraham Villegas de Gante, Armando Santos Moreno (Registro nro. 26958)
[ vista simple ]
| 000 -LÍDER | |
|---|---|
| fixed length control field | 00522nam a2200157 4500 |
| 020 ## - NÚMERO INTERNACIONAL NORMALIZADO PARA LIBROS | |
| ISBN | 978-607-17-0154-1 |
| 050 ## - SIGNATURA TOPOGRAFICA DE LA BIBLIOTECA DEL CONGRESO (LC) | |
| Número de Clasificación | SF250.5 V56 2009 |
| 082 ## - NUMERO DE CLASIFICACION DECIMAL DEWEY | |
| Número de Clasificación | 637.133 V56m |
| 100 ## - ASIENTO PRINCIPAL--NOMBRE PERSONAL | |
| Nombre personal | Villegas de Gante, Abraham |
| 245 ## - TÍTULO | |
| Título | Manual b sico para elaborar productos l cteos / Abraham Villegas de Gante, Armando Santos Moreno |
| 250 ## - MENCIÓN DE EDICIÓN | |
| Mención de edición | 1 |
| 260 ## - PUBLICACIÓN, DISTRIBUCIÓN, ETC. (PIE DE IMPRENTA) | |
| Lugar de publicación, distribución, etc. | México : Trillas |
| 300 ## - DESCRIPCIÓN FÍSICA | |
| Extensión | 159 p. / 23 cm. |
| 650 ## - ASIENTO SECUNDARIO DE MATERIA - TERMINO TEMÁTICO | |
| Término temático o nombre geográfico como elemento de entrada | 1. PRODUCTOS LÁCTEOS MANUALES / 2. INDUSTRIA LECHERA MANUALES |
| 700 ## - ASIENTO SECUNDARIO - NOMBRE PERSONAL | |
| Nombre personal | I. Santos Moreno, Armando coaut. |
| No. biblioteca | No. biblioteca | Número de clasificación | Código de barras/Número de adquisición | Número de copia | Tipo de material |
|---|---|---|---|---|---|
| ÁREA DE QUÍMICA | ÁREA DE QUÍMICA | 637.133 V56m | 51084 | 1 | Libros |
| ÁREA DE QUÍMICA | ÁREA DE QUÍMICA | 637.133 V56m | 51317 | 2 | Libros |
| ÁREA DE QUÍMICA | ÁREA DE QUÍMICA | 637.133 V56m | 51318 | 3 | Libros |
| ÁREA DE QUÍMICA | ÁREA DE QUÍMICA | 637.133 V56m | 51502 | 4 | Libros |
| ÁREA DE QUÍMICA | ÁREA DE QUÍMICA | 637.133 V56m | 51503 | 5 | Libros |
